Statistiques concernant Rugby - Champions de France du Top 14 Rugby

Cliquez ici pour prendre le quiz!

Statistiques générales

  • Ce quiz a été pris 1,106 fois
  • Le résultat moyen est 80 sur 115

Statistiques - réponses

Année Champion % Correct
1933LOU
100%
1932LOU
100%
1903Stade Français
98%
2003Stade français Paris
98%
2004Stade français Paris
98%
1998Stade français Paris
98%
1908Stade Français
98%
2007Stade français Paris
98%
1893Stade Français
98%
2000Stade français Paris
98%
1898Stade Français
98%
1895Stade Français
98%
1894Stade Français
98%
1931RC Toulon
97%
1987RC Toulon
97%
1992RC Toulon
97%
2014RC Toulon
97%
2010ASM Clermont Auvergne
96%
1897Stade Français
96%
1999Stade toulousain
95%
1924Stade Toulousain
95%
2001Stade toulousain
95%
1927Stade Toulousain
95%
1926Stade Toulousain
95%
1997Stade toulousain
95%
1995Stade toulousain
95%
1923Stade Toulousain
95%
1922Stade Toulousain
95%
2012Stade toulousain
95%
2011Stade toulousain
95%
1986Stade toulousain
95%
1985Stade toulousain
95%
2008Stade toulousain
95%
1912Stade Toulousain
95%
1994Stade toulousain
95%
1989Stade toulousain
95%
1996Stade toulousain
95%
1947Stade Toulousain
95%
2005Biarritz olympique
90%
2006Biarritz olympique
90%
1935Biarritz olympique
90%
2002Biarritz olympique
90%
1939Biarritz olympique
90%
1955USAP
88%
1944USAP
88%
2009USAP
88%
1938USAP
88%
1925USAP
88%
1921USAP
88%
1914USAP
88%
1949Castres olympique
86%
1950Castres olympique
86%
2013Castres olympique
86%
1993Castres olympique
86%
1913Aviron Bayonnais
84%
1943Aviron bayonnais
84%
1934Aviron bayonnais
84%
1969CA Bègles
71%
1991CA Bègles-Bordeaux
71%
1964Section paloise
70%
1928Section Paloise
70%
1946Section paloise
70%
1976SU Agen
69%
1982SU Agen
69%
1945SU Agen
69%
1988SU Agen
69%
1966SU Agen
69%
1965SU Agen
69%
1962SU Agen
69%
1930SU Agen
69%
1901Stade Français
64%
1984AS Béziers
62%
1983AS Béziers
62%
1981AS Béziers
62%
1980AS Béziers
62%
1978AS Béziers
62%
1977AS Béziers
62%
1975AS Béziers
62%
1974AS Béziers
62%
1972AS Béziers
62%
1971AS Béziers
62%
1961AS Béziers
62%
1954FC Grenoble
60%
1979RC Narbonne
56%
1936RC Narbonne
56%
1910FC Lyon
54%
1967US Montauban
52%
1920Stadoceste tarbais
44%
1973Stadoceste tarbais
44%
1957FC Lourdes
39%
1948FC Lourdes
39%
1968FC Lourdes
39%
1960FC Lourdes
39%
1958FC Lourdes
39%
1956FC Lourdes
39%
1953FC Lourdes
39%
1952FC Lourdes
39%
1990Racing club de France
37%
1900Racing Club de France
37%
1902Racing Club de France
37%
1892Racing Club de France
37%
1959Racing Club de France
37%
1970La Voulte sportif
23%
1911Stade Bordelais
18%
1909Stade Bordelais
18%
1907Stade Bordelais
18%
1906Stade Bordelais
18%
1905Stade Bordelais
18%
1904Stade Bordelais
18%
1899Stade Bordelais
18%
1963Stade montois
14%
1951US Carmaux
11%
1896Olympique
10%
1929US Quillan
9%
1937CS Vienne
8%

Distribution des résultats

Percentile by Number Answered

% des personnes avec chaque résultat

Votre développement - résultats

Vous n’avez pas pris ce quiz